| 000 | 00487nam a2200157Ia 4500 | ||
|---|---|---|---|
| 005 | 20250429172514.0 | ||
| 008 | 231217s9999 xx 000 0 und d | ||
| 020 | _a9781565922747 | ||
| 082 | _a001.6424WIN FRI;1 R | ||
| 100 | _aFrisch, Aeleen. | ||
| 245 | 0 | _aEssential windows NT system administration : effective and painless NT management | |
| 260 |
_c1998 _bO'Reilly _aCambridge |
||
| 300 | _axvi+467 | ||
| 650 | _awindows,NT,administration,painless,NT,management | ||
| 942 | _cAA | ||
| 999 |
_c182775 _d182775 |
||